[Event "7. Open C.A. Ciudad los Angeles 2012"]
[Site "Madrid ESP"]
[Date "2013.06.02"]
[Round "9.3"]
[White "Rodriguez Vignote, Javier"]
[Black "Ruiz Sanchez, Roberto"]
[Result "0-1"]
[WhiteElo "1975"]
[BlackElo "1981"]
[PlyCount "60"]
[EventDate "2013.04.07"]
[EventType "swiss"]
[EventRounds "9"]
[EventCountry "ESP"]
[SourceTitle "Ajedrez en Madrid"]
[Source "lmi"]
[SourceDate "2013.04.07"]
[SourceVersion "1"]
[SourceVersionDate "2013.08.06"]
[SourceQuality "1"]

1. d4 d5 2. Nf3 Nf6 3. c4 c6 4. Qc2 dxc4 5. Qxc4 Bf5 6. g3 e6 7. Bg2 Be7 8. O-O
O-O 9. e3 Nbd7 10. Qe2 c5 11. Rd1 Qb6 12. Nc3 Rfd8 13. Na4 Qa5 14. b3 Ne4 15.
Nd2 cxd4 16. Nxe4 d3 17. Rxd3 Bxe4 18. Bxe4 Qe5 19. Bxh7+ Kxh7 20. Bb2 Qf5 21.
Rad1 Nf6 22. Nc3 Ng4 23. Rd4 Ne5 24. Rf4 Qh3 25. Rdd4 g5 26. Rfe4 Bf6 27. Qd1
Kg7 28. Rxd8 Rxd8 29. Qe2 Rd2 30. Qb5 Nf3+ 0-1

[Event "7. Open C.A. Ciudad los Angeles 2012"]
[Site "Madrid ESP"]
[Date "2013.06.02"]
[Round "9.4"]
[White "Crespo Villalba, Israel"]
[Black "Tirado Parra, Alberto"]
[Result "1/2-1/2"]
[WhiteElo "1921"]
[BlackElo "1896"]
[PlyCount "61"]
[EventDate "2013.04.07"]
[EventType "swiss"]
[EventRounds "9"]
[EventCountry "ESP"]
[SourceTitle "Ajedrez en Madrid"]
[Source "lmi"]
[SourceDate "2013.04.07"]
[SourceVersion "1"]
[SourceVersionDate "2013.08.06"]
[SourceQuality "1"]

1. e4 d5 2. exd5 Nf6 3. d4 Bg4 4. Be2 Bxe2 5. Nxe2 Qxd5 6. O-O Nc6 7. Nf4 Qxd4
8. Qe2 O-O-O 9. Nc3 Qe5 10. Be3 e6 11. Rad1 Be7 12. Nd3 Qf5 13. f3 h5 14. Qf2
Nd5 15. Nxd5 Rxd5 16. Nf4 Rxd1 17. Rxd1 Bd6 18. Nd3 Kb8 19. b4 b6 20. Qh4 Ne5
21. Ne1 f6 22. Qf2 g5 23. Bxb6 axb6 24. Rxd6 Nc4 25. Rd4 Nd6 26. Rxd6 cxd6 27.
Qxb6+ Ka8 28. Qa6+ Kb8 29. Qb6+ Ka8 30. Qa6+ Kb8 31. Qb6+ 1/2-1/2

[Event "7. Open C.A. Ciudad los Angeles 2012"]
[Site "Madrid ESP"]
[Date "2013.06.02"]
[Round "9.6"]
[White "Sebastian Enesco, Alex"]
[Black "Pindado Campos, Raul"]
[Result "0-1"]
[WhiteElo "1795"]
[BlackElo "1879"]
[PlyCount "101"]
[EventDate "2013.04.07"]
[EventType "swiss"]
[EventRounds "9"]
[EventCountry "ESP"]
[SourceTitle "Ajedrez en Madrid"]
[Source "lmi"]
[SourceDate "2013.04.07"]
[SourceVersion "1"]
[SourceVersionDate "2013.08.06"]
[SourceQuality "1"]

1. g4 d5 2. Bg2 Bxg4 3. c4 Nd7 4. cxd5 Ngf6 5. Nc3 Rb8 6. Qa4 e6 7. dxe6 Bxe6
8. d4 c6 9. Qxa7 Bd6 10. e4 Bc7 11. Bg5 O-O 12. e5 Qc8 13. Qa4 Nd5 14. Nxd5
Bxd5 15. Bxd5 cxd5 16. Rc1 f6 17. exf6 Nxf6 18. Ne2 Ne4 19. Be3 Ra8 20. Qb3
Ba5+ 21. Kd1 Qd7 22. Rf1 Rf3 23. Ng3 Nd2 24. Qc2 Nxf1 25. Nxf1 Qh3 26. Qe2 Raf8
27. a3 Qd7 28. Rc2 R3f6 29. Qh5 Qb5 30. Qe2 Qb3 31. Kc1 Rb6 32. h4 Qa2 33. Kd1
Rc6 34. Rxc6 bxc6 35. Bc1 Qb3+ 36. Qc2 Qxc2+ 37. Kxc2 Rxf2+ 38. Bd2 Rxf1 39.
Bxa5 Rf4 40. Bc3 Rxh4 41. Kb3 Re4 42. Kb4 h5 43. Kc5 h4 44. Ba5 h3 45. Bc7 Re2
46. b4 h2 47. Bxh2 Rxh2 48. a4 g5 49. Kxc6 g4 50. a5 g3 51. a6 0-1

[Event "7. Open C.A. Ciudad los Angeles 2012"]
[Site "Madrid ESP"]
[Date "2013.06.02"]
[Round "9.8"]
[White "De Pablo Peña, Miguel Angel"]
[Black "Magan Gonzalez, Alberto"]
[Result "0-1"]
[WhiteElo "1635"]
[BlackElo "1855"]
[PlyCount "84"]
[EventDate "2013.04.07"]
[EventType "swiss"]
[EventRounds "9"]
[EventCountry "ESP"]
[SourceTitle "Ajedrez en Madrid"]
[Source "lmi"]
[SourceDate "2013.04.07"]
[SourceVersion "1"]
[SourceVersionDate "2013.08.06"]
[SourceQuality "1"]

1. d4 Nf6 2. c4 e6 3. Nf3 c5 4. Nc3 cxd4 5. Nxd4 d6 6. e4 Be7 7. Be2 Nc6 8. O-O
Bd7 9. Be3 a6 10. a3 Rc8 11. f4 Qc7 12. b4 Nxd4 13. Qxd4 e5 14. Qd3 O-O 15. Nd5
Nxd5 16. exd5 b5 17. Rac1 bxc4 18. Qxc4 Qxc4 19. Bxc4 Bb5 20. Bxb5 axb5 21.
fxe5 dxe5 22. Bc5 Bg5 23. Rcd1 Rfd8 24. g3 Rd7 25. d6 Bd8 26. Rf3 Rc6 27. Kf2
f6 28. g4 Kf7 29. h4 Ke6 30. Ke3 Bb6 31. Rc1 Ba7 32. Ke4 Bb8 33. g5 Bxd6 34.
gxf6 Bxc5 35. Rxc5 Rxc5 36. bxc5 gxf6 37. Rc3 f5+ 38. Kf3 Rc7 39. h5 Kd5 40.
Ke3 Rxc5 41. Rd3+ Ke6 42. Rb3 Kf6 0-1

[Event "7. Open C.A. Ciudad los Angeles 2012"]
[Site "Madrid ESP"]
[Date "2013.06.02"]
[Round "9.9"]
[White "Garcia De Quesada Y Fort, Ignacio"]
[Black "Sirera Ripoll, Jose"]
[Result "1-0"]
[WhiteElo "1926"]
[BlackElo "1692"]
[PlyCount "53"]
[EventDate "2013.04.07"]
[EventType "swiss"]
[EventRounds "9"]
[EventCountry "ESP"]
[SourceTitle "Ajedrez en Madrid"]
[Source "lmi"]
[SourceDate "2013.04.07"]
[SourceVersion "1"]
[SourceVersionDate "2013.08.06"]
[SourceQuality "1"]

1. d4 Nf6 2. c4 g6 3. Nc3 Bg7 4. e4 d6 5. f3 O-O 6. Be3 c5 7. d5 Nbd7 8. Qd2
Qa5 9. Bd3 Ne5 10. Nge2 Nxd3+ 11. Qxd3 Nd7 12. f4 a6 13. O-O b5 14. a3 Rb8 15.
cxb5 axb5 16. Qc2 b4 17. axb4 Qxb4 18. Rfb1 Nb6 19. b3 e6 20. Ra4 Nxa4 21. bxa4
Qa3 22. Rxb8 exd5 23. Nxd5 f5 24. Bc1 Qa1 25. Rxc8 Rxc8 26. Ne7+ Kh8 27. Nxc8
1-0

[Event "7. Open C.A. Ciudad los Angeles 2012"]
[Site "Madrid ESP"]
[Date "2013.06.02"]
[Round "9.10"]
[White "Perez Fernandez, Guillermo"]
[Black "Enfedaque Jimenez, Juan Carlos"]
[Result "0-1"]
[WhiteElo "1849"]
[BlackElo "1735"]
[PlyCount "129"]
[EventDate "2013.04.07"]
[EventType "swiss"]
[EventRounds "9"]
[EventCountry "ESP"]
[SourceTitle "Ajedrez en Madrid"]
[Source "lmi"]
[SourceDate "2013.04.07"]
[SourceVersion "1"]
[SourceVersionDate "2013.08.06"]
[SourceQuality "1"]

1. Nc3 d5 2. e4 d4 3. Nce2 e5 4. Nf3 f6 5. Ng3 Be6 6. Bb5+ c6 7. Ba4 Na6 8. Bb3
Nc5 9. Bxe6 Nxe6 10. O-O Qd7 11. d3 Ne7 12. Bd2 h5 13. Nh4 g5 14. Nxh5 Bg7 15.
Nxg7+ Nxg7 16. Nf3 g4 17. Ne1 O-O-O 18. f4 Nh5 19. f5 Rdg8 20. g3 Nxg3 21. hxg3
Rh3 22. Kf2 Nxf5 23. Rg1 Ne3 24. Qe2 Rh2+ 25. Ng2 f5 26. Bxe3 dxe3+ 27. Qxe3
fxe4 28. dxe4 Rf8+ 29. Ke2 Rf3 30. Qxa7 Qf7 31. b3 Qg6 32. Qa8+ Kc7 33. Qa5+
Kc8 34. Qxe5 Qh6 35. Qd4 Qh3 36. Raf1 Rxg2+ 37. Rxg2 Qxg2+ 38. Rf2 Qxg3 39.
Qh8+ Kc7 40. Qh2 Rxf2+ 41. Qxf2 Qh3 42. Qf4+ Kc8 43. a4 Qg2+ 44. Kd3 g3 45. e5
Qd5+ 46. Ke2 g2 47. Qg3 Kd7 48. Kf2 Qd2+ 49. Kg1 Qxc2 50. Qg4+ Ke7 51. Qg5+ Kd7
52. Qg7+ Ke6 53. Qf6+ Kd5 54. e6 Qd1+ 55. Kxg2 Qe2+ 56. Kg3 Qxe6 57. Qd8+ Qd6+
58. Qxd6+ Kxd6 59. Kf3 Kc5 60. Ke3 Kb4 61. Kd4 b6 62. Ke5 Kxb3 63. Kd6 c5 64.
a5 bxa5 65. Kxc5 0-1

[Event "7. Open C.A. Ciudad los Angeles 2012"]
[Site "Madrid ESP"]
[Date "2013.06.02"]
[Round "9.11"]
[White "Lopez Ziegler, Juan Jose"]
[Black "Leniz Martinez, Francisco"]
[Result "0-1"]
[WhiteElo "1515"]
[BlackElo "1771"]
[PlyCount "54"]
[EventDate "2013.04.07"]
[EventType "swiss"]
[EventRounds "9"]
[EventCountry "ESP"]
[SourceTitle "Ajedrez en Madrid"]
[Source "lmi"]
[SourceDate "2013.04.07"]
[SourceVersion "1"]
[SourceVersionDate "2013.08.06"]
[SourceQuality "1"]

1. d4 c5 2. Nf3 Nf6 3. e3 e6 4. b3 Be7 5. Bb2 O-O 6. Bd3 d5 7. Nbd2 b6 8. Ng5
Bb7 9. Qf3 h6 10. h4 Nbd7 11. Qg3 Qb8 12. f4 a5 13. Qh3 a4 14. f5 e5 15. Nf1
cxd4 16. exd4 axb3 17. cxb3 Bb4+ 18. Ke2 Re8 19. Ne6 exd4 20. Bxd4 Qf4 21. Be3
Qe5 22. Kf3 d4+ 23. Kf2 dxe3+ 24. Nxe3 fxe6 25. fxe6 Nc5 26. Bc4 Nce4+ 27. Kf3
Ng5+ 0-1

[Event "7. Open C.A. Ciudad los Angeles 2012"]
[Site "Madrid ESP"]
[Date "2013.06.02"]
[Round "9.13"]
[White "Lianes Garcia, Marcos"]
[Black "Vazquez Moreno, Luis"]
[Result "0-1"]
[WhiteElo "1741"]
[BlackElo "1729"]
[PlyCount "98"]
[EventDate "2013.04.07"]
[EventType "swiss"]
[EventRounds "9"]
[EventCountry "ESP"]
[SourceTitle "Ajedrez en Madrid"]
[Source "lmi"]
[SourceDate "2013.04.07"]
[SourceVersion "1"]
[SourceVersionDate "2013.08.06"]
[SourceQuality "1"]

1. d4 c5 2. d5 Nf6 3. c4 b5 4. cxb5 a6 5. b6 g6 6. Nc3 Qxb6 7. a4 Bg7 8. a5 Qc7
9. e4 d6 10. Nf3 O-O 11. Nd2 e6 12. Nc4 Ne8 13. Be2 f5 14. dxe6 Bxe6 15. Nd5
Qf7 16. Ndb6 fxe4 17. O-O Ra7 18. Nxd6 Nxd6 19. Qxd6 Bd4 20. Kh1 Nd7 21. Be3
Bxb2 22. Ra4 Be5 23. Qd2 Nxb6 24. axb6 Rd7 25. Qc1 Bd4 26. Rxa6 Rb8 27. b7
Rbxb7 28. Rxe6 Qxe6 29. Bc4 Rd5 30. Qa3 Rbd7 31. Rd1 Kg7 32. h3 Qe5 33. Bxd5
Qxd5 34. Re1 Bxe3 35. Qxe3 Qd4 36. Qe2 Rf7 37. Kg1 Re7 38. Rd1 Qc3 39. Re1 c4
40. Qe3 Qxe3 41. Rxe3 Kf6 42. Kf1 Ke5 43. Ke2 Kd4 44. Ra3 Rb7 45. Ra2 Rb4 46.
Kd2 c3+ 47. Kc2 Rb2+ 48. Rxb2 cxb2 49. Kxb2 Kd3 0-1

[Event "7. Open C.A. Ciudad los Angeles 2012"]
[Site "Madrid ESP"]
[Date "2013.06.02"]
[Round "9.15"]
[White "Fernandez Bonilla, M. Arcangel"]
[Black "Melcon Diez, Enrique"]
[Result "0-1"]
[WhiteElo "1769"]
[BlackElo "1641"]
[PlyCount "96"]
[EventDate "2013.04.07"]
[EventType "swiss"]
[EventRounds "9"]
[EventCountry "ESP"]
[SourceTitle "Ajedrez en Madrid"]
[Source "lmi"]
[SourceDate "2013.04.07"]
[SourceVersion "1"]
[SourceVersionDate "2013.08.06"]
[SourceQuality "1"]

1. Nf3 c5 2. g3 g6 3. Bg2 Bg7 4. O-O Nc6 5. c3 e5 6. d3 d5 7. e4 d4 8. cxd4
cxd4 9. Ng5 h6 10. Nh3 Nge7 11. f4 f5 12. fxe5 Nxe5 13. Nf4 Qb6 14. exf5 Bxf5
15. Na3 O-O 16. Nd5 Nxd5 17. Bxd5+ Kh7 18. Nc4 Qa6 19. Nxe5 Bxe5 20. Bc4 Qc6
21. Bf4 Bh3 22. Qe2 Bxf1 23. Rxf1 Bxf4 24. Qe7+ Kh8 25. Rxf4 Rxf4 26. gxf4 Re8
27. Qf7 Re1+ 28. Kf2 Qe8 29. Qf6+ Kh7 30. Qxd4 Re2+ 31. Kg3 Qe3+ 32. Qxe3 Rxe3+
33. Kf2 Rh3 34. Kg2 Re3 35. Kf2 Re7 36. Kf3 Kg7 37. d4 Kf6 38. b4 Kf5 39. Bd3+
Kf6 40. a4 b6 41. d5 Rd7 42. Ke4 Re7+ 43. Kf3 g5 44. h3 gxf4 45. Kxf4 Re1 46.
a5 Rh1 47. axb6 axb6 48. Kg3 Rd1 0-1

[Event "7. Open C.A. Ciudad los Angeles 2012"]
[Site "Madrid ESP"]
[Date "2013.06.02"]
[Round "9.16"]
[White "Yeves Miquel, Enrique"]
[Black "Salgado Duarte, Pablo"]
[Result "1-0"]
[WhiteElo "1737"]
[BlackElo "1607"]
[PlyCount "53"]
[EventDate "2013.04.07"]
[EventType "swiss"]
[EventRounds "9"]
[EventCountry "ESP"]
[SourceTitle "Ajedrez en Madrid"]
[Source "lmi"]
[SourceDate "2013.04.07"]
[SourceVersion "1"]
[SourceVersionDate "2013.08.06"]
[SourceQuality "1"]

1. d4 d5 2. c4 Nf6 3. Nc3 c6 4. e3 Bf5 5. cxd5 cxd5 6. Qb3 b6 7. Bb5+ Bd7 8.
Nxd5 Nxd5 9. Qxd5 Bxb5 10. Qxb5+ Nd7 11. Nf3 f6 12. O-O e6 13. Bd2 Bd6 14. Qh5+
g6 15. Qh6 Bf8 16. Qh3 Qe7 17. a3 a5 18. Rfc1 Qf7 19. Rc6 f5 20. Ng5 Qg8 21.
Nxe6 Ra7 22. Qh4 Be7 23. Rc8+ Kf7 24. Rxg8 Bxh4 25. Rxh8 Kxe6 26. Rxh7 Bf6 27.
Rc1 1-0

[Event "7. Open C.A. Ciudad los Angeles 2012"]
[Site "Madrid ESP"]
[Date "2013.06.02"]
[Round "9.17"]
[White "Sotres Menendez, Raul"]
[Black "Bellod Thomas, Gonzalo"]
[Result "0-1"]
[WhiteElo "1606"]
[BlackElo "1715"]
[PlyCount "62"]
[EventDate "2013.04.07"]
[EventType "swiss"]
[EventRounds "9"]
[EventCountry "ESP"]
[SourceTitle "Ajedrez en Madrid"]
[Source "lmi"]
[SourceDate "2013.04.07"]
[SourceVersion "1"]
[SourceVersionDate "2013.08.06"]
[SourceQuality "1"]

1. d4 d5 2. Nf3 c6 3. e3 Bg4 4. c4 e6 5. c5 Nf6 6. Be2 Nbd7 7. O-O Be7 8. Nc3
O-O 9. Qc2 Re8 10. b4 Bf8 11. Nd2 e5 12. dxe5 Nxe5 13. Bxg4 Nfxg4 14. h3 Nf6
15. Nb3 Nc4 16. Nd4 g6 17. Re1 Bg7 18. Rb1 Ne4 19. Nxe4 Rxe4 20. Bb2 Qe7 21.
Ba1 Na3 22. Qd3 Nxb1 23. Rxb1 Re8 24. a4 f5 25. Nf3 Bxa1 26. Rxa1 Rxb4 27. Qc3
Rc4 28. Qb2 Rxc5 29. Re1 Rc4 30. a5 Re4 31. Qc3 f4 0-1

[Event "7. Open C.A. Ciudad los Angeles 2012"]
[Site "Madrid ESP"]
[Date "2013.06.02"]
[Round "9.18"]
[White "Veiga Rodriguez, Pablo"]
[Black "Martin Garcia, Francisco J"]
[Result "0-1"]
[WhiteElo "1598"]
[BlackElo "1698"]
[PlyCount "88"]
[EventDate "2013.04.07"]
[EventType "swiss"]
[EventRounds "9"]
[EventCountry "ESP"]
[SourceTitle "Ajedrez en Madrid"]
[Source "lmi"]
[SourceDate "2013.04.07"]
[SourceVersion "1"]
[SourceVersionDate "2013.08.06"]
[SourceQuality "1"]

1. c4 Nf6 2. Nc3 g6 3. d4 d5 4. cxd5 Nxd5 5. e4 Nxc3 6. bxc3 Bg7 7. Be3 c5 8.
Bc4 O-O 9. Ne2 Nc6 10. O-O Bg4 11. f3 Na5 12. Bb3 Nxb3 13. axb3 cxd4 14. Bxd4
Bxd4+ 15. Qxd4 Be6 16. Qb4 a5 17. Qa3 a4 18. Rfd1 Qb6+ 19. Kh1 Bxb3 20. Rd4 Qb5
21. Ng1 Qc6 22. Ne2 Bc4 23. Rd2 Bxe2 24. Rxe2 Rfd8 25. Qxe7 Qxc3 26. Rea2 b5
27. h4 Rac8 28. Qg5 Qc5 29. Qg3 Rd3 30. Qe1 Qc3 31. Qb1 Qc4 32. Rb2 Rb3 33.
Rxb3 Qxb3 34. Qxb3 axb3 35. Rb1 Rc3 36. Kh2 f6 37. Kg3 Kf7 38. Kf4 Ke6 39. Kg4
Ke5 40. Rb2 Kd4 41. h5 Kc4 42. h6 Rc2 43. Rb1 Rxg2+ 44. Kf4 Kc3 0-1

[Event "7. Open C.A. Ciudad los Angeles 2012"]
[Site "Madrid ESP"]
[Date "2013.06.02"]
[Round "9.19"]
[White "Ballesteros Jimenez, Miguel A"]
[Black "Savchuk, Olga"]
[Result "0-1"]
[WhiteElo "1672"]
[BlackElo "1514"]
[PlyCount "52"]
[EventDate "2013.04.07"]
[EventType "swiss"]
[EventRounds "9"]
[EventCountry "ESP"]
[SourceTitle "Ajedrez en Madrid"]
[Source "lmi"]
[SourceDate "2013.04.07"]
[SourceVersion "1"]
[SourceVersionDate "2013.08.06"]
[SourceQuality "1"]

1. e4 c5 2. Nc3 Nc6 3. f4 d6 4. Nf3 e6 5. Bb5 Bd7 6. O-O Nge7 7. d3 g6 8. Bxc6
Nxc6 9. Qe1 Bg7 10. f5 O-O 11. fxg6 fxg6 12. Qg3 Ne5 13. Bf4 Nxf3+ 14. Rxf3 Qb6
15. Bc1 c4+ 16. Qf2 Bd4 17. Be3 Bxe3 18. Qxe3 Qxb2 19. Rb1 Qxc3 20. Rxb7 Qa1+
21. Kf2 Rxf3+ 22. gxf3 Bc6 23. Rc7 Ba4 24. d4 Qb2 25. Kg3 Qb8 26. Rxc4 d5+ 0-1

[Event "7. Open C.A. Ciudad los Angeles 2012"]
[Site "Madrid ESP"]
[Date "2013.06.02"]
[Round "9.20"]
[White "Rodriguez Lopez-Cañizares, Francisco"]
[Black "Gines Martinez, Andres"]
[Result "1/2-1/2"]
[WhiteElo "1668"]
[BlackElo "1510"]
[PlyCount "95"]
[EventDate "2013.04.07"]
[EventType "swiss"]
[EventRounds "9"]
[EventCountry "ESP"]
[SourceTitle "Ajedrez en Madrid"]
[Source "lmi"]
[SourceDate "2013.04.07"]
[SourceVersion "1"]
[SourceVersionDate "2013.08.06"]
[SourceQuality "1"]

1. e4 c5 2. Nc3 Nc6 3. f4 d6 4. Nf3 a6 5. g3 Bg4 6. h3 Bxf3 7. Qxf3 e6 8. d3 g6
9. Bg2 Nge7 10. O-O Bg7 11. Be3 Bd4 12. Nd1 Qb6 13. c3 Bxe3+ 14. Qxe3 O-O 15.
b3 a5 16. Nb2 d5 17. Na4 Qc7 18. Qxc5 Rad8 19. Qb6 Qxb6+ 20. Nxb6 dxe4 21. dxe4
Rd3 22. Rf3 Rfd8 23. Na4 f5 24. e5 Rd1+ 25. Rxd1 Rxd1+ 26. Bf1 Nd5 27. Nc5 Nd8
28. c4 Nb4 29. a3 Nc2 30. a4 Nd4 31. Rd3 Ne2+ 32. Kf2 Rxd3 33. Nxd3 Nd4 34. Nc1
b6 35. Ke3 N8c6 36. Kd3 Kf7 37. Bg2 Ke7 38. Ne2 Nxe2 39. Kxe2 Nd4+ 40. Kd3 Nxb3
41. Bc6 h6 42. Kc3 Nc5 43. Kd4 g5 44. Ke3 gxf4+ 45. gxf4 Kf7 46. h4 h5 47. Kd4
Nb3+ 48. Ke3 1/2-1/2

[Event "7. Open C.A. Ciudad los Angeles 2012"]
[Site "Madrid ESP"]
[Date "2013.06.02"]
[Round "9.21"]
[White "Vivas Mariscal, Luis Miguel"]
[Black "Perez Alvarez, Javier"]
[Result "0-1"]
[WhiteElo "1573"]
[BlackElo "1818"]
[PlyCount "132"]
[EventDate "2013.04.07"]
[EventType "swiss"]
[EventRounds "9"]
[EventCountry "ESP"]
[SourceTitle "Ajedrez en Madrid"]
[Source "lmi"]
[SourceDate "2013.04.07"]
[SourceVersion "1"]
[SourceVersionDate "2013.08.06"]
[SourceQuality "1"]

1. d4 d5 2. c4 e6 3. Nc3 Nf6 4. cxd5 exd5 5. e3 c6 6. Bd3 Bd6 7. Nf3 Nbd7 8.
Qc2 O-O 9. Ng5 g6 10. Bd2 Re8 11. O-O-O Ng4 12. Nh3 Qf6 13. Ne2 Nf8 14. Kb1 Ne6
15. f3 Nh6 16. Nf2 Nf5 17. Ng4 Qg7 18. Bxf5 gxf5 19. Nf2 Bd7 20. g4 fxg4 21.
Nxg4 Qg6 22. Qxg6+ hxg6 23. Nf6+ Kg7 24. Nxd7 f6 25. Nc5 Bxc5 26. dxc5 Nxc5 27.
h4 Nd3 28. Rh2 Ne5 29. Rf1 Nc4 30. Kc2 Rxe3 31. Rd1 Nxd2 32. Kxd2 Rxf3 33. Nd4
Rg3 34. h5 Rg4 35. h6+ Kf7 36. Nf3 Rf4 37. Rh3 g5 38. Rg3 Rh8 39. Rh1 Kg6 40.
Nh4+ Kf7 41. Ng2 Rf2+ 42. Kc3 Re2 43. Re1 Rxe1 44. Nxe1 Rxh6 45. b4 Rh4 46. Nf3
Rc4+ 47. Kb3 Re4 48. Nd2 Re1 49. a4 Kg6 50. Nf3 Re3+ 51. Kc2 Kh5 52. Kd2 Rb3
53. b5 g4 54. bxc6 bxc6 55. Rg1 Rxf3 56. Ke2 Ra3 57. Rh1+ Kg5 58. Rh7 Rxa4 59.
Rc7 Ra2+ 60. Ke3 Ra3+ 61. Kd2 g3 62. Rxc6 g2 63. Rc1 Kg4 64. Ke2 Kg3 65. Rg1
Kh2 66. Kf2 Ra2+ 0-1

[Event "7. Open C.A. Ciudad los Angeles 2012"]
[Site "Madrid ESP"]
[Date "2013.06.02"]
[Round "9.22"]
[White "Garcia Minguez, Antonio"]
[Black "Murciano Cespedosa, Antonio"]
[Result "1-0"]
[WhiteElo "1494"]
[BlackElo "1743"]
[PlyCount "123"]
[EventDate "2013.04.07"]
[EventType "swiss"]
[EventRounds "9"]
[EventCountry "ESP"]
[SourceTitle "Ajedrez en Madrid"]
[Source "lmi"]
[SourceDate "2013.04.07"]
[SourceVersion "1"]
[SourceVersionDate "2013.08.06"]
[SourceQuality "1"]

1. d4 Nf6 2. c4 c5 3. d5 b5 4. b3 Ne4 5. Qc2 Qa5+ 6. Nd2 Nxd2 7. Bxd2 b4 8. e4
g6 9. Rd1 Bg7 10. Nf3 d6 11. h3 O-O 12. Bd3 Nd7 13. O-O Ne5 14. Nxe5 Bxe5 15.
Bh6 Bg7 16. Bxg7 Kxg7 17. Qb2+ Kg8 18. Rfe1 e5 19. dxe6 Bxe6 20. Be2 Rad8 21.
Rd3 Rd7 22. Red1 Rfd8 23. Rg3 Qc7 24. h4 f5 25. Qf6 Re8 26. h5 Rf7 27. Qg5 fxe4
28. hxg6 hxg6 29. Qxg6+ Kf8 30. Qxe4 Bf5 31. Qf3 Bc2 32. Qg4 Re4 33. Qg8+ Ke7
34. Rd2 Bb1 35. Rg7 Rxg7 36. Qxg7+ Kd8 37. Qxc7+ Kxc7 38. Rb2 Re7 39. Kf1 Be4
40. f3 Bc6 41. Kf2 a5 42. g4 Rh7 43. Kg3 d5 44. Rd2 d4 45. Bd3 Re7 46. Re2 Rxe2
47. Bxe2 Kd6 48. Bd3 Ke5 49. f4+ Kf6 50. g5+ Kg7 51. Kg4 Bd7+ 52. f5 Bc6 53.
Kf4 Kf7 54. Ke5 Ke7 55. f6+ Kd8 56. g6 Ke8 57. Kd6 Bf3 58. Kxc5 Bh5 59. Kxd4
Kd7 60. Ke5 Ke8 61. Bf5 Bd1 62. g7 1-0

[Event "7. Open C.A. Ciudad los Angeles 2012"]
[Site "Madrid ESP"]
[Date "2013.06.02"]
[Round "9.23"]
[White "Cortijo Manso, Luis"]
[Black "Lopez-Andujar Ocaña, Ramon"]
[Result "0-1"]
[WhiteElo "1520"]
[BlackElo "1684"]
[PlyCount "122"]
[EventDate "2013.04.07"]
[EventType "swiss"]
[EventRounds "9"]
[EventCountry "ESP"]
[SourceTitle "Ajedrez en Madrid"]
[Source "lmi"]
[SourceDate "2013.04.07"]
[SourceVersion "1"]
[SourceVersionDate "2013.08.06"]
[SourceQuality "1"]

1. d4 Nf6 2. Nf3 d5 3. g3 Bf5 4. Bg2 e6 5. O-O Nbd7 6. Nbd2 Bd6 7. c4 c6 8. b3
O-O 9. Nh4 Bg6 10. Nxg6 hxg6 11. e4 dxe4 12. Nxe4 Nxe4 13. Bxe4 Nf6 14. Bg2 Qa5
15. a3 Rad8 16. Bb2 Rd7 17. b4 Qf5 18. Qf3 Rfd8 19. Rad1 Bb8 20. Qxf5 gxf5 21.
f4 Kh7 22. a4 a6 23. a5 Ba7 24. c5 Nd5 25. Bxd5 Rxd5 26. Kg2 Kg6 27. Kf3 Bb8
28. Rd3 f6 29. Rfd1 e5 30. fxe5 fxe5 31. Ke3 e4 32. R3d2 Rh8 33. Rh1 Bc7 34. g4
Rh3+ 35. Ke2 Rxh2+ 36. Rxh2 Bxh2 37. gxf5+ Kxf5 38. Rd1 Bf4 39. Rh1 Bh6 40.
Rf1+ Ke6 41. Rf8 Rd7 42. Rf1 Kd5 43. Rf5+ Kc4 44. Re5 e3 45. Re6 Kxb4 46. Rd6
Rf7 47. Kd3 Kxa5 48. d5 cxd5 49. Rxd5 Kb5 50. Bd4 Kc6 51. Rd6+ Kc7 52. Be5 Rd7
53. Rd4+ Kc8 54. Bd6 Rf7 55. Re4 Rf2 56. Re8+ Kd7 57. Re7+ Kc6 58. Rc7+ Kd5 59.
Rxb7 Rd2+ 60. Kc3 Bg5 61. Rxg7 Bf6+ 0-1

[Event "7. Open C.A. Ciudad los Angeles 2012"]
[Site "Madrid ESP"]
[Date "2013.06.02"]
[Round "9.26"]
[White "Martin Rodriguez, Jose Luis"]
[Black "Ramos Antona, Enrique"]
[Result "1/2-1/2"]
[WhiteElo "1434"]
[BlackElo "1752"]
[PlyCount "100"]
[EventDate "2013.04.07"]
[EventType "swiss"]
[EventRounds "9"]
[EventCountry "ESP"]
[SourceTitle "Ajedrez en Madrid"]
[Source "lmi"]
[SourceDate "2013.04.07"]
[SourceVersion "1"]
[SourceVersionDate "2013.08.06"]
[SourceQuality "1"]

1. e4 c5 2. Nf3 d6 3. d4 cxd4 4. Nxd4 Nf6 5. Nc3 a6 6. Bg5 e5 7. Nb3 Be6 8. f4
exf4 9. Qf3 Be7 10. Be2 Nc6 11. O-O-O Bxb3 12. Bxf4 O-O 13. e5 Nd5 14. Nxd5
Bxd5 15. Qxd5 dxe5 16. Bxe5 Qb6 17. Bc3 Qe3+ 18. Qd2 Bg5 19. Qxe3 Bxe3+ 20. Kb1
Rfd8 21. Rxd8+ Rxd8 22. Rd1 Bd4 23. Bxd4 Rxd4 24. Rxd4 Nxd4 25. Bd3 g6 26. c3
Ne6 27. Kc2 Kf8 28. c4 Ke7 29. Kc3 f5 30. Be2 g5 31. b4 g4 32. g3 h5 33. a4 f4
34. gxf4 Nxf4 35. Kd2 Kd6 36. Ke3 Nxe2 37. Kxe2 Ke5 38. Ke3 h4 39. a5 g3 40.
hxg3 hxg3 41. Kf3 Kd4 42. b5 Kxc4 43. bxa6 bxa6 44. Kxg3 Kb5 45. Kf3 Kxa5 46.
Ke3 Kb4 47. Kd2 Kb3 48. Kc1 Ka2 49. Kc2 a5 50. Kc1 a4 1/2-1/2

[Event "7. Open C.A. Ciudad los Angeles 2012"]
[Site "Madrid ESP"]
[Date "2013.06.02"]
[Round "9.27"]
[White "Rausell Tamayo, Estrella"]
[Black "Caño Nieto, Jose Luis"]
[Result "0-1"]
[WhiteElo "1280"]
[BlackElo "1587"]
[PlyCount "60"]
[EventDate "2013.04.07"]
[EventType "swiss"]
[EventRounds "9"]
[EventCountry "ESP"]
[SourceTitle "Ajedrez en Madrid"]
[Source "lmi"]
[SourceDate "2013.04.07"]
[SourceVersion "1"]
[SourceVersionDate "2013.08.06"]
[SourceQuality "1"]

1. e4 e5 2. Nf3 Nc6 3. d4 exd4 4. Nxd4 Bc5 5. Be3 Qh4 6. Nc3 Bb4 7. Ndb5 Ba5 8.
Be2 a6 9. Nd4 Nf6 10. O-O Bxc3 11. bxc3 Nxd4 12. cxd4 Nxe4 13. Bd3 O-O 14. Bxe4
Qxe4 15. Qd2 d6 16. f3 Qg6 17. Rf2 Bf5 18. Qc3 Rac8 19. Rb1 b5 20. Qc6 Rfe8 21.
Bf4 d5 22. Qc5 c6 23. Kf1 h6 24. Rc1 a5 25. g4 Be6 26. Rg2 a4 27. g5 Bh3 28.
Qd6 Bxg2+ 29. Kxg2 Qxd6 30. Bxd6 hxg5 0-1